Thánh kinh cho người mới khởi nghiệp : It's your business :Bí quyết nâng tầm công ty của bạn

Gồm những bí quyết kinh doanh mà các chủ doanh nghiệp nhỏ vẫn làm mỗi ngày như: Thuê mướn người làm, đề ra bảng giá, bán hàng, chăm sóc khách hàng, quảng cáo... được trình bày một cách ngắn gọn, rõ ràng, giúp những người mới khởi nghiệ...

Full beskrivning

Sparad:
Bibliografiska uppgifter
Huvudupphovsman: Ramberg, J. J
Övriga upphovsmän: Everson, Lisa
Materialtyp: Bok
Språk:Undetermined
Publicerad: Thanh Hóa; Tp. Hồ Chí Minh Nxb. Thanh Hóa; Công ty Văn hóa Văn Lang 2016
Ämnen:
Länkar:http://lrc.tdmu.edu.vn/opac/search/detail.asp?aID=2&ID=29802
Taggar: Lägg till en tagg
Inga taggar, Lägg till första taggen!
Thư viện lưu trữ: Trung tâm Học liệu Trường Đại học Thủ Dầu Một
LEADER 01323nam a2200229Ia 4500
001 TDMU_29802
008 210410s9999 xx 000 0 und d
082 |a 294.303 
090 |b R104 
100 |a Ramberg, J. J 
245 0 |a Thánh kinh cho người mới khởi nghiệp : 
245 0 |b It's your business :Bí quyết nâng tầm công ty của bạn 
245 0 |c J. J. Ramberg, Lisa Everson, Frank Silverstein; Chương Ngọc (dịch) 
260 |a Thanh Hóa; Tp. Hồ Chí Minh 
260 |b Nxb. Thanh Hóa; Công ty Văn hóa Văn Lang 
260 |c 2016 
300 |a 255tr. 
520 |a Gồm những bí quyết kinh doanh mà các chủ doanh nghiệp nhỏ vẫn làm mỗi ngày như: Thuê mướn người làm, đề ra bảng giá, bán hàng, chăm sóc khách hàng, quảng cáo... được trình bày một cách ngắn gọn, rõ ràng, giúp những người mới khởi nghiệp dễ dàng tìm được lời khuyên mình cần 
650 |a Doanh nghiệp nhỏ  |x Bí quyết thành công  |x Quản lý 
700 |a Everson, Lisa 
856 |u http://lrc.tdmu.edu.vn/opac/search/detail.asp?aID=2&ID=29802 
980 |a Trung tâm Học liệu Trường Đại học Thủ Dầu Một